01453nam a22003854a 4500001001200000003000800012006001900020007001500039008004100054010001700095020002200112020002200134040002100156035002000177050002300197082001700220100001800237245009900255260006400354300002400418490004600442504006400488533015200552650002500704650002200729650001700751650002100768655002900789700002200818700002000840710001700860830004700877856012600924999001701050ebr10005733CaPaEBRm u cr cn|||||||||010104s2001 enka sb 001 0 eng  z 2001016172 z0521805880 (hbk.) z0521011876 (pbk.) aCaPaEBRcCaPaEBR a(OCoLC)5632062214aHM866b.M23 2001eb04a303.48/42211 aMcAdam, Doug.10aDynamics of contentionh[electronic resource] /cDouglas McAdam, Sidney Tarrow, Charles Tilly. aCambridge ;aNew York :bCambridge University Press,c2001. axxi, 387 p. :bill.1 aCambridge studies in contentious politics aIncludes bibliographical references (p. 349-370) and index. aElectronic reproduction.bPalo Alto, Calif. :cebrary,d2013.nAvailable via World Wide Web.nAccess may be limited to ebrary affiliated libraries. 0aCollective behavior. 0aSocial movements. 0aRevolutions. 0aDemocratization. 7aElectronic books.2local1 aTarrow, Sidney G.1 aTilly, Charles.2 aebrary, Inc. 0aCambridge studies in contentious politics.40uhttp://site.ebrary.com/lib/rucke/Doc?id=10005733zAn electronic book accessible through the World Wide Web; click to view c18365d18365